000
00324nam a2200121Ia 4500
008
220204s9999 xx 000 0 und d
082
_a
31(031)
_b
KRU
245
0
_a
International encyclopedia of statistics. 2 V
260
_a
New York
_b
Free press
_c
1978
700
_a
Kruskal, William H
700
_a
Tanur, J M
942
_c
BK
999
_c
31430
_d
31430